Major Islands of the Faroe Islands - Statistics

General Stats
  • This quiz has been taken 96 times
  • The average score is 13 of 18
Answers on the Map
Answers color-coded by a green-red scale on the quiz's map according to % correct below.
 
Answer Stats
Islands % Correct
Streymoy
90%
Eysturoy
85%
Vágar
85%
Mykines
83%
Suðuroy
81%
Lítla Dímun
79%
Stóra Dímun
77%
Kalsoy
75%
Svínoy
73%
Kunoy
71%
Sandoy
71%
Fugloy
69%
Hestur
69%
Nólsoy
69%
Koltur
67%
Borðoy
63%
Skúvoy
60%
Viðoy
58%
No matching quizzes found
Score Distribution
Percent of People with Each Score
Percentile by Number Answered
Your Score History
You have not taken this quiz